000 00310nam a22001337a 4500
008 170707b xxu||||| |||| 00| 0 eng d
020 _a0023795107
041 _aeng
080 _22ND
_a82
100 _a22
101 _aGJL
245 _aCONCISE ANTHOLOGY OF AMERICAN LITERATURE
_cMICHAEL,G
942 _2udc
_cBK
999 _c20021
_d20021